The Baker illustrated Bible handbook / (Record no. 117867)
[ view plain ]
| 000 -LEADER | |
|---|---|
| fixed length control field | 02501cam a22003254a 4500 |
| 001 - CONTROL NUMBER | |
| control field | 16637197 |
| 003 - CONTROL NUMBER IDENTIFIER | |
| control field | ARRUPE |
| 005 - DATE AND TIME OF LATEST TRANSACTION | |
| control field | 20130918121057.0 |
| 008 - FIXED-LENGTH DATA ELEMENTS--GENERAL INFORMATION | |
| fixed length control field | 110204s2011 miuab bf 000 0 eng |
| 010 ## - LIBRARY OF CONGRESS CONTROL NUMBER | |
| LC control number | 2011005211 |
| 020 ## - INTERNATIONAL STANDARD BOOK NUMBER | |
| International Standard Book Number | 9780801012969 (cloth) : |
| Terms of availability | $39.99 |
| 020 ## - INTERNATIONAL STANDARD BOOK NUMBER | |
| International Standard Book Number | 0801012961 (cloth) |
| 035 ## - SYSTEM CONTROL NUMBER | |
| System control number | (OCoLC)ocn699760271 |
| 040 ## - CATALOGING SOURCE | |
| Original cataloging agency | DLC |
| Transcribing agency | DLC |
| Modifying agency | YDX |
| -- | BTCTA |
| -- | YDXCP |
| -- | BWX |
| -- | ABG |
| -- | DLC |
| 050 00 - LIBRARY OF CONGRESS CALL NUMBER | |
| Classification number | BS417 |
| Item number | .B34 2011 |
| 082 00 - DEWEY DECIMAL CLASSIFICATION NUMBER | |
| Classification number | 220.6/1 |
| Edition number | 22 |
| 300 ## - PHYSICAL DESCRIPTION | |
| Other physical details | col. ill., col. maps ; |
| Dimensions | 24 cm. |
| 245 04 - TITLE STATEMENT | |
| Title | The Baker illustrated Bible handbook / |
| Statement of responsibility, etc | edited by J. Daniel Hays and J. Scott Duvall. |
| 246 30 - VARYING FORM OF TITLE | |
| Title proper/short title | Illustrated Bible handbook |
| 246 30 - VARYING FORM OF TITLE | |
| Title proper/short title | Bible handbook |
| 260 ## - PUBLICATION, DISTRIBUTION, ETC. (IMPRINT) | |
| Place of publication, distribution, etc | Grand Rapids, Mich. : |
| Name of publisher, distributor, etc | Baker Books, |
| Date of publication, distribution, etc | c2011. |
| 300 ## - PHYSICAL DESCRIPTION | |
| Extent | 1144 p. : |
| 504 ## - BIBLIOGRAPHY, ETC. NOTE | |
| Bibliography, etc | Includes bibliographical references. |
| 505 0# - FORMATTED CONTENTS NOTE | |
| Formatted contents note | God's story (and your story). The grand story of the Bible ; How is the Bible organized? ; The beginning and the end ; The Old Testament. The Pentateuch ; The Historical books ; The Wisdom books and Psalms ; The Prophets ; The history between the Old and New Testaments. The history of Palestine between the Old and New Testaments ; The New Testament ; The setting for the New Testament ; An overview of the life of Christ ; What is a Gospel? And why are there four Gospels? ; The synoptic problem ; Gospels ; The Book of Acts and Letters of Paul ; The general letters ; Apocalyptic literature -- How the bible came to be. The inspiration of the bible ; The production and shaping of the Old Testament canon ; Writing, copying, and transmitting the New Testament text ; The canon of the New Testament ; The Dead Sea Scrolls ; The Septuagint ; Bible translations and the English Bible ; Translations for the world -- Digging deeper into the Bible. How to read, interpret, and apply the Bible ; The unity and diversity of the bible ; The use of the Old Testament in the New Testament ; How to interpret and apply Old Testament law ; How to interpret parables ; How to interpret and enjoy figures of speech in the bible ; Literary features in the Bible ; Archaeology and the Bible ; Are there hidden codes in the bible? ; Responding to contemporary challenges to the Gospels. |
| 630 00 - SUBJECT ADDED ENTRY--UNIFORM TITLE | |
| Uniform title | Bible |
| Form subdivision | Handbooks, manuals, etc. |
| 9 (RLIN) | 510 |
| 700 1# - ADDED ENTRY--PERSONAL NAME | |
| Personal name | Hays, J. Daniel, |
| Dates associated with a name | 1953- |
| 9 (RLIN) | 511 |
| 700 1# - ADDED ENTRY--PERSONAL NAME | |
| Personal name | Duvall, J. Scott. |
| 9 (RLIN) | 512 |
| 906 ## - LOCAL DATA ELEMENT F, LDF (RLIN) | |
| a | 7 |
| b | cbc |
| c | orignew |
| d | 1 |
| e | ecip |
| f | 20 |
| g | y-gencatlg |
| 942 ## - ADDED ENTRY ELEMENTS (KOHA) | |
| Source of classification or shelving scheme | Library of Congress Classification |
| Koha item type | Monograph ( Printed materials) |
| Withdrawn status | Lost status | Source of classification or shelving scheme | Damaged status | Not for loan | Home library | Current library | Date acquired | Total Checkouts | Full call number | Barcode | Checked out | Date last seen | Date checked out | Price effective from | Koha item type |
|---|---|---|---|---|---|---|---|---|---|---|---|---|---|---|---|
| Library of Congress Classification | ARRUPE LIBRARY | ARRUPE LIBRARY | 18/09/2013 | 3 | REF BS417 .B34 2011 | 46411852 | 18/11/2021 | 19/10/2021 | 19/10/2021 | 18/09/2013 | Monograph ( Printed materials) |